000 00244nam a2200097Ia 4500
001 977522
005 20250826220728.0
008 250824s9999 xx 000 0 und d
245 0 _aİÇİN RAHAT OLSUN
_cMURAT AVCI
260 _bHAYY KİTAP YAYINLARI
999 _c977522
_d977522